000 00388nam a2200157Ia 4500
008 230917s9999||||xx |||||||||||||| ||und||
040 _e102786
_aMAIN
041 _aEnglish
082 _a658.3 S64R
100 _aSinha, Dharni P
245 0 _aRe-energising enterprises through H R D
250 _a1st ed.
260 _aNew Delhi
_bViva Books
_c2003
300 _a331 p.
942 _cBK
999 _c117824
_d117824